Quality assessment of some commercial organic and inorganic fertilizers marketed in Kerala with special reference to heavy metals (Record no. 66152)

MARC details
000 -LEADER
fixed length control field 02127nam a2200193Ia 4500
100 ## - MAIN ENTRY--AUTHOR NAME
Personal name Prasannakumari P
245 #0 - TITLE STATEMENT
Title Quality assessment of some commercial organic and inorganic fertilizers marketed in Kerala with special reference to heavy metals
260 ## - PUBLICATION, DISTRIBUTION, ETC. (IMPRINT)
Name of publisher Rubber Science
Year of publication 2016
300 ## - PHYSICAL DESCRIPTION
Number of Pages 168-177
520 ## - SUMMARY, ETC.
Summary, etc Composite samples of twenty three organic fertilizers/manures were collected from the market and analyzed for moisture content, pH, electrical conductivity, total organic carbon, C: N ratio, total nutrients and heavy metals and the data were compared with quality control guidelines for city compost as per Fertilizer Control Order, 1985. It was observed that the extent of compliance varied widely with respect to different parameters. High nutrient contents, especially nitrogen, were observed in majority of the samples indicating possible adulteration with commercial fertilizers. Chromium content was very high in about 50 per cent of the tested samples. Lead content was above the toxic limit in four per cent of the samples. Cadmium, copper and zinc contents were within the permissible limits in all the samples. All the samples contained very high levels of iron. During the analysis of the samples by acid digestion, varying amounts of sand or powdered rock were left as residue, indicating mixing with such materials, possibly again as adulterants. The study clearly points to the need for establishing quality control parameters for organc fertilizers, and regulating the quality of various products marketed as organic fertilizers. Proper labelling of these fertilizers should be an immediate priority. Phosphorus fertilizers and other organic fertilizers commonly used in Kerala were also tested for their heavy metal contents what about lead, cadmium and zinc were within the limits specified by Food and Agriculture Organization/World Health Organization.
650 ## - SUBJECT ADDED ENTRY--TOPICAL TERM
Topical Term Fertilizer
650 ## - SUBJECT ADDED ENTRY--TOPICAL TERM
Topical Term Heavy metals
650 ## - SUBJECT ADDED ENTRY--TOPICAL TERM
Topical Term Organic manure
650 ## - SUBJECT ADDED ENTRY--TOPICAL TERM
Topical Term Quality assessment
700 ## - ADDED ENTRY--PERSONAL NAME
Personal name Jacob J
700 ## - ADDED ENTRY--PERSONAL NAME
Personal name Jessy M D
942 ## - ADDED ENTRY ELEMENTS (KOHA)
Koha item type Journals
Holdings
Withdrawn status Lost status Damaged status Not for loan Home library Current library Shelving location Date acquired Serial Enumeration / chronology Koha item type
      Journals RRII Library RRII Library Agronomy 01/01/2021 Volume 29, Issue 2 Journals